000 00734nam a2200241 a 4500
001 BRCA_6156
005 20190320205343.0
008 060711s1906----nyu#######---#000-0#eng-#
041 _aeng
044 _anyu
050 4 _aPZ3
_b.W768 L4
_c1906
100 1 _aWister, Owen
_d1860-1938
_915513
245 1 0 _aLady Baltimore
_cby Owen Wister; with illustrations by Vernon Howe Bailey and Lester Ralph.
260 _aNueva York
_bMacmillan
_c1906
300 _axii, 406 p.
_bil.
_c20 cm.
500 _aIncluye índice de ilustraciones
500 _aK38
650 1 4 _aLiteratura estadounidense
_915514
700 1 _aBailey, Vernon Howe
_f1874-1953
_eil.
_915515
700 1 _aRalph, Lester
_eil.
_915516
902 _aGFM
942 _2lcc
_cB
999 _c5843
_d5843